Ciencias Geográficas (Registro nro. 59062)
[ vista simple ]
| 000 -LEADER | |
|---|---|
| campo de control de longitud fija | 00431nam a22001577i 4500 |
| 007 - CAMPO FIJO DE DESCCAMPO FIJO DE DESCRIPCIÓN FÍSICA--INFORMACIÓN GENERALRIPCION FISICA | |
| campo de control de longitud fija | ta |
| 020 ## - NÚMERO INTERNACIONAL ESTÁNDAR DEL LIBRO | |
| Número Internacional Estándar del Libro | 28114973 |
| 040 ## - FUENTE DE LA CATALOGACIÓN | |
| Centro catalogador/agencia de origen | DO-SdBNP |
| Lengua de catalogación | spa |
| Centro/agencia transcriptor | BNPHU |
| 110 ## - ENTRADA PRINCIPAL--NOMBRE DE ENTIDAD CORPORATIVA | |
| Nombre de entidad corporativa o nombre de jurisdicción como elemento de entrada | Sección Nacional de Dominicana |
| -- | 87839 |
| 245 0# - MENCIÓN DEL TÍTULO | |
| Título | Ciencias Geográficas |
| 264 ## - PRODUCCIÓN, PUBLICACIÓN, DISTRIBUCIÓN, FABRICACIÓN Y COPYRIGHT | |
| Producción, publicación | Santo Domingo : |
| Nombre del de productor, editor, distribuidor, fabricante | Búho, |
| Fecha de producción, publicación, distribución, fabricación o copyright | 2024. |
| 300 ## - DESCRIPCIÓN - FÍSICA | |
| Extensión Pestaña: | 292 páginas ; |
| 336 ## - TIPO DE CONTENIDO | |
| Término de tipo de contenido | texto |
| Código de tipo de contenido | txt |
| Fuente | rdacontent |
| 337 ## - TIPO DE MEDIO | |
| Nombre/término del tipo de medio | sin mediación |
| Código del tipo de medio | n |
| Fuente | rdamedia |
| 338 ## - TIPO DE SOPORTE | |
| Nombre/término del tipo de soporte | volumen |
| Código del tipo de soporte | nc |
| Fuente | rdacarrier |
| 999 ## - | |
| -- | 59062 |
| -- | 59062 |
| Estatus retirado | Estado de pérdida | Fuente del sistema de clasificación o colocación | Estado de daño | Restricciones de uso | No para préstamo | Biblioteca de origen | Biblioteca actual | Fecha de adquisición | Fuente de adquisición | Total de préstamos | Código de barras | Visto por última vez | Tipo de ítem Koha | Nota pública | Copia número |
|---|---|---|---|---|---|---|---|---|---|---|---|---|---|---|---|
| Dewey Decimal Classification | Excluido de préstamo | Biblioteca Nacional Pedro Henríquez Ureña | Biblioteca Nacional Pedro Henríquez Ureña | 10.04.2025 | Depósito Legal | 2025-4436 | 20.05.2025 | Libro | En proceso de descripción | ||||||
| Dewey Decimal Classification | Excluido de préstamo | Biblioteca Nacional Pedro Henríquez Ureña | Biblioteca Nacional Pedro Henríquez Ureña | 10.04.2025 | Depósito Legal | 2025-4437 | 20.05.2025 | Libro | En proceso de descripción | e.2 | |||||
| Dewey Decimal Classification | Préstamo en sala | Biblioteca Nacional Pedro Henríquez Ureña | Biblioteca Nacional Pedro Henríquez Ureña | 10.04.2025 | Depósito Legal | 2025-4438 | 20.05.2025 | Libro | En proceso de descripción | e.3 |
